[Event "Cheliabinsk Region Club-ch fin"]
[Site "Cheliabinsk"]
[Date "2011.12.10"]
[Round "4"]
[White "Kashutin, Mikhail"]
[Black "Kholopov, Alexander A"]
[Result "0-1"]
[WhiteElo "1876"]
[BlackElo "2329"]
[PlyCount "76"]
[EventDate "2011.12.10"]
[EventType "swiss"]
[EventRounds "9"]
[EventCountry "RUS"]
[SourceTitle "EXT 2022"]
[Source "ChessBase"]
[SourceDate "2021.10.06"]
[SourceVersion "1"]
[SourceVersionDate "2021.10.06"]
[SourceQuality "1"]

1. d4 Nf6 2. Nf3 c5 3. e3 g6 4. Bd3 Bg7 5. 0-0 0-0 6. b3 Nc6 7. c3 b6 8. Bb2 d5 9. h3 Bb7 10. Nbd2 Nd7 11. e4 cxd4 12. Nxd4 Nc5 13. Nxc6 Bxc6 14. Bc2 dxe4 15. Re1 Nd3 16. Bxd3 exd3 17. Nf3 Qd6 18. Nd4 Bb7 19. Re3 e5 20. Nf3 Rad8 21. a4 Rfe8 22. c4 e4 23. Bxg7 Kxg7 24. Nd2 f5 25. Qe1 Bc8 26. f3 Qd4 27. f4 g5 28. g3 gxf4 29. gxf4 Kh8 30. Kh1 Re6 31. Ra2 Rg6 32. Qa1 Qxa1+ 33. Rxa1 Rdg8 34. a5 Rg2 35. Rd1 Rf2 36. axb6 axb6 37. c5 b5 38. b4 Rxf4 0-1

[Event "Cheliabinsk Region Club-ch fin"]
[Site "Cheliabinsk"]
[Date "2011.12.10"]
[Round "2"]
[White "Sotnikov, Alexander I"]
[Black "Kashutin, Mikhail"]
[Result "1/2-1/2"]
[WhiteElo "2220"]
[BlackElo "1876"]
[PlyCount "139"]
[EventDate "2011.12.10"]
[EventType "swiss"]
[EventRounds "9"]
[EventCountry "RUS"]
[SourceTitle "EXT 2022"]
[Source "ChessBase"]
[SourceDate "2021.10.06"]
[SourceVersion "1"]
[SourceVersionDate "2021.10.06"]
[SourceQuality "1"]

1. Nf3 d5 2. b3 b6 3. Bb2 Bb7 4. g3 Nd7 5. Bg2 Ngf6 6. c4 e6 7. 0-0 Bd6 8. cxd5 exd5 9. Nh4 0-0 10. Nf5 Be5 11. d4 Bd6 12. Nxd6 cxd6 13. Nc3 a6 14. a4 Re8 15. Ba3 Nf8 16. Qd3 Rc8 17. Rfc1 Rc7 18. Nd1 Rce7 19. Ne3 Ne4 20. Nf5 Re6 21. Rc2 Qf6 22. f3 Qxf5 23. fxe4 dxe4 24. Qe3 Rh6 25. Rc7 Bd5 26. Rf1 Qh5 27. h4 f5 28. Ra7 Rf6 29. Rxa6 Ng6 30. Qg5 Qxe2 31. Rxb6 h6 32. Qc1 f4 33. Rxd6 Rxd6 34. Bxd6 f3 35. Rf2 Qd3 36. Qc5 Bxb3 37. Bf1 Qd1 38. Qc6 Bxa4 39. Qd5+ Kh8 40. h5 e3 41. Rxf3 e2 42. Bb4 Ne5 43. Rf5 Ng4 44. Qd6 exf1Q+ 45. Rxf1 Qc2 46. Rf8+ Kh7 47. Qg6+ Qxg6 48. hxg6+ Kxg6 49. Rf4 Ne3 50. Bd6 h5 51. Rf2 Bc6 52. Rb2 Ng4 53. Kf1 Bd5 54. Bf4 Bc4+ 55. Kg2 Re2+ 56. Rxe2 Bxe2 57. Bc7 Nf6 58. Kf2 Bg4 59. Bb8 Kf5 60. Ke3 Nd5+ 61. Kd3 Bf3 62. Be5 g6 63. Bb8 Ke6 64. Be5 Nb4+ 65. Kc4 Nc6 66. Bf4 Ne7 67. Kc5 Nf5 68. Bb8 Ne3 69. Bf4 Kf5 70. Bxe3 1/2-1/2

[Event "Cheliabinsk Region Club-ch fin"]
[Site "Cheliabinsk"]
[Date "2011.12.10"]
[Round "7"]
[White "Volozhanin, Boris"]
[Black "Kashutin, Mikhail"]
[Result "1-0"]
[WhiteElo "1837"]
[BlackElo "1876"]
[PlyCount "73"]
[EventDate "2011.12.10"]
[EventType "swiss"]
[EventRounds "9"]
[EventCountry "RUS"]
[SourceTitle "EXT 2022"]
[Source "ChessBase"]
[SourceDate "2021.10.06"]
[SourceVersion "1"]
[SourceVersionDate "2021.10.06"]
[SourceQuality "1"]

1. f4 d5 2. Nf3 Nf6 3. e3 e6 4. b3 Bd6 5. Bb2 0-0 6. c4 b6 7. Nc3 a6 8. Be2 Bb7 9. 0-0 Nbd7 10. d4 Ne4 11. a3 Ndf6 12. b4 Nxc3 13. Bxc3 Ne4 14. Bb2 a5 15. c5 Be7 16. Qc2 bxc5 17. bxc5 Qe8 18. a4 Bc6 19. Bb5 f6 20. Bxc6 Qxc6 21. Ba3 Rfb8 22. Rab1 Qa6 23. g4 Kf7 24. g5 h6 25. h4 hxg5 26. fxg5 Rh8 27. Ne5+ Ke8 28. Ng6 Rh7 29. Rf4 fxg5 30. Rxe4 dxe4 31. Qxe4 Rh6 32. d5 e5 33. d6 cxd6 34. Rb6 Qa7 35. Rb7 Qa6 36. Rxe7+ Kd8 37. Qf5 1-0

[Event "Cheliabinsk Region Club-ch sf"]
[Site "Cheliabinsk"]
[Date "2011.10.12"]
[Round "5"]
[White "Kashutin, Mikhail"]
[Black "Terentiev, Alexey"]
[Result "1-0"]
[WhiteElo "1876"]
[BlackElo "1588"]
[PlyCount "71"]
[EventDate "2011.10.12"]
[EventType "swiss"]
[EventRounds "9"]
[EventCountry "RUS"]
[SourceTitle "EXT 2022"]
[Source "ChessBase"]
[SourceDate "2021.10.06"]
[SourceVersion "1"]
[SourceVersionDate "2021.10.06"]
[SourceQuality "1"]

1. d4 Nf6 2. Nf3 e6 3. e3 c5 4. Bd3 d5 5. b3 Nc6 6. 0-0 cxd4 7. exd4 Be7 8. Bb2 0-0 9. a3 Qc7 10. Nbd2 a6 11. Ne5 Bd6 12. f4 Qb6 13. Ndf3 Ne4 14. Bxe4 dxe4 15. Ng5 f6 16. Nc4 Qc7 17. Nxe4 Bxf4 18. g3 Bh6 19. Qh5 Qe7 20. Nxf6+ Rxf6 21. Rxf6 Qxf6 22. d5 Qf7 23. Qxf7+ Kxf7 24. dxc6 bxc6 25. Rf1+ Ke7 26. Bd4 e5 27. Nxe5 Bh3 28. Rf7+ Kd6 29. Nc4+ Ke6 30. Rc7 Rf8 31. Rxc6+ Kd7 32. Ne5+ Ke8 33. Bf2 a5 34. Ra6 Bd2 35. Ra8+ Ke7 36. Bc5+ 1-0

[Event "Cheliabinsk-ch"]
[Site "Cheliabinsk"]
[Date "2011.03.06"]
[Round "9"]
[White "Kashutin, Mikhail"]
[Black "Tsiulin, Viktor"]
[Result "0-1"]
[WhiteElo "1851"]
[BlackElo "2106"]
[PlyCount "90"]
[EventDate "2011.02.26"]
[EventType "swiss"]
[EventRounds "9"]
[EventCountry "RUS"]
[SourceTitle "CBM 141 Extra"]
[Source "ChessBase"]
[SourceDate "2011.05.03"]
[SourceVersion "1"]
[SourceVersionDate "2011.05.03"]
[SourceQuality "1"]

1. d4 Nf6 2. c4 e6 3. Nc3 d5 4. e3 Be7 5. Nf3 0-0 6. Qc2 b6 7. Bd3 dxc4 8. Bxc4 Bb7 9. 0-0 Bxf3 10. gxf3 Nbd7 11. e4 c5 12. e5 Nh5 13. f4 cxd4 14. Ne4 g6 15. Qe2 Nc5 16. Nxc5 Bxc5 17. a3 a5 18. Bd2 Qh4 19. Qf3 a4 20. Kh1 Ng7 21. Bd3 Qh5 22. Qxh5 Nxh5 23. Rac1 Rfc8 24. Rc2 Bf8 25. Rfc1 Rxc2 26. Rxc2 Bh6 27. Be4 Rd8 28. Bf3 Nxf4 29. Bc6 Kg7 30. Bxa4 Nd3 31. Bxh6+ Kxh6 32. Re2 Rc8 33. h3 Rc1+ 34. Kh2 Ne1 35. Kg3 d3 36. Rd2 Kg5 37. f4+ Kf5 38. Rd1 Rxd1 39. Bxd1 Ke4 40. Kf2 Nc2 41. a4 Kxf4 42. b4 Nxb4 43. Ke1 Kxe5 44. Kd2 Kd4 45. Bf3 e5 0-1

[Event "Cheliabinsk-ch"]
[Site "Cheliabinsk"]
[Date "2011.03.04"]
[Round "7"]
[White "Yurkov, Nikolay"]
[Black "Kashutin, Mikhail"]
[Result "1/2-1/2"]
[WhiteElo "1949"]
[BlackElo "1851"]
[PlyCount "20"]
[EventDate "2011.02.26"]
[EventType "swiss"]
[EventRounds "9"]
[EventCountry "RUS"]
[SourceTitle "CBM 141 Extra"]
[Source "ChessBase"]
[SourceDate "2011.05.03"]
[SourceVersion "1"]
[SourceVersionDate "2011.05.03"]
[SourceQuality "1"]

1. d4 e6 2. c4 Nf6 3. Nc3 c5 4. d5 exd5 5. cxd5 d6 6. g3 g6 7. Bg2 Bg7 8. Nf3 0-0 9. 0-0 Re8 10. Re1 a6 1/2-1/2

[Event "Cheliabinsk-ch"]
[Site "Cheliabinsk"]
[Date "2011.03.02"]
[Round "5"]
[White "Maslov, Alexey"]
[Black "Kashutin, Mikhail"]
[Result "0-1"]
[WhiteElo "2126"]
[BlackElo "1851"]
[PlyCount "94"]
[EventDate "2011.02.26"]
[EventType "swiss"]
[EventRounds "9"]
[EventCountry "RUS"]
[SourceTitle "CBM 141 Extra"]
[Source "ChessBase"]
[SourceDate "2011.05.03"]
[SourceVersion "1"]
[SourceVersionDate "2011.05.03"]
[SourceQuality "1"]

1. d4 e6 2. c4 c5 3. d5 exd5 4. cxd5 d6 5. Nc3 g6 6. e4 Bg7 7. Bd2 a6 8. a4 Nf6 9. Bd3 0-0 10. Nge2 Nbd7 11. f4 Re8 12. 0-0 Qb6 13. a5 Qc7 14. b3 Rb8 15. Ra2 Ng4 16. Qe1 b5 17. Qg3 Ngf6 18. Qf3 c4 19. bxc4 bxc4 20. Bc2 Nc5 21. h3 Nb3 22. Be1 Nxa5 23. e5 dxe5 24. fxe5 Rxe5 25. Bg3 Nb3 26. Bxe5 Qxe5 27. Qf4 Qxf4 28. Rxf4 Nd7 29. Rxc4 Nbc5 30. Na4 Nxa4 31. Bxa4 Nb6 32. Rb4 Bf8 33. Rb3 Bc5+ 34. Kf1 Bf5 35. Bc6 Rc8 36. Ra5 Nc4 37. Ra2 Ne3+ 38. Rxe3 Bxe3 39. Rxa6 Rb8 40. Ra8 Rxa8 41. Bxa8 Kf8 42. Nc3 Bd3+ 43. Ke1 Ke7 44. Nd1 Bd4 45. Kd2 Bb5 46. Ne3 Bxe3+ 47. Kxe3 Kd6 0-1

[Event "Cheliabinsk-ch"]
[Site "Cheliabinsk"]
[Date "2011.02.28"]
[Round "3"]
[White "Sultanov, Ruslan"]
[Black "Kashutin, Mikhail"]
[Result "1-0"]
[WhiteElo "2050"]
[BlackElo "1851"]
[PlyCount "33"]
[EventDate "2011.02.26"]
[EventType "swiss"]
[EventRounds "9"]
[EventCountry "RUS"]
[SourceTitle "CBM 141 Extra"]
[Source "ChessBase"]
[SourceDate "2011.05.03"]
[SourceVersion "1"]
[SourceVersionDate "2011.05.03"]
[SourceQuality "1"]

1. e4 e5 2. Nc3 Nc6 3. Bc4 Nf6 4. d3 a6 5. f4 Bd6 6. Nf3 0-0 7. fxe5 Nxe5 8. Nxe5 Bxe5 9. d4 Bd6 10. e5 Qe7 11. 0-0 Bxe5 12. dxe5 Qc5+ 13. Kh1 Qxc4 14. exf6 d5 15. Rf4 d4 16. Qh5 c5 17. Qg5 1-0

[Event "Cheliabinsk-ch"]
[Site "Cheliabinsk"]
[Date "2011.02.26"]
[Round "1"]
[White "Eryshkanova, Anastasiya"]
[Black "Kashutin, Mikhail"]
[Result "1-0"]
[WhiteElo "2168"]
[BlackElo "1851"]
[PlyCount "61"]
[EventDate "2011.02.26"]
[EventType "swiss"]
[EventRounds "9"]
[EventCountry "RUS"]
[SourceTitle "CBM 141 Extra"]
[Source "ChessBase"]
[SourceDate "2011.05.03"]
[SourceVersion "1"]
[SourceVersionDate "2011.05.03"]
[SourceQuality "1"]

1. e4 c5 2. Nf3 Nc6 3. d4 cxd4 4. Nxd4 g6 5. Nc3 Bg7 6. Be3 Nf6 7. Bc4 Nxe4 8. Nxe4 d5 9. Bb5 0-0 10. Nxc6 bxc6 11. Bxc6 Rb8 12. Qxd5 Qc7 13. 0-0 Rd8 14. Qc5 Rb6 15. Ba4 Qb7 16. Rad1 Rf8 17. Ng3 Be6 18. Bb3 Rc8 19. Qa5 Ra6 20. Rd8+ Bf8 21. Qd2 h5 22. Bxe6 Rxe6 23. Bh6 Rd6 24. Rxd6 exd6 25. Bxf8 Rxf8 26. Qd4 Re8 27. b3 Qa6 28. Ne4 Re6 29. Nf6+ Kf8 30. Nd5 Kg8 31. Nc7 1-0

[Event "Cheliabinsk Region Club-ch qf"]
[Site "Cheliabinsk"]
[Date "2011.01.25"]
[Round "5"]
[White "Protasov, Valery"]
[Black "Kashutin, Mikhail"]
[Result "0-1"]
[WhiteElo "1723"]
[BlackElo "1851"]
[PlyCount "64"]
[EventDate "2011.01.21"]
[EventType "swiss"]
[EventRounds "9"]
[EventCountry "RUS"]
[SourceTitle "EXT 2022"]
[Source "ChessBase"]
[SourceDate "2021.10.06"]
[SourceVersion "1"]
[SourceVersionDate "2021.10.06"]
[SourceQuality "1"]

1. d4 d5 2. c4 c6 3. Nc3 Nf6 4. e3 e6 5. Bd3 Be7 6. Nf3 Nbd7 7. 0-0 h6 8. c5 g5 9. e4 dxe4 10. Bxe4 Nxe4 11. Nxe4 Nf6 12. Qe2 Qc7 13. Ne5 b6 14. b4 a5 15. b5 Nxe4 16. Qxe4 bxc5 17. dxc5 Bxc5 18. Bb2 f5 19. Qxc6+ Qxc6 20. Nxc6 Rh7 21. a4 Rd7 22. Rad1 Bb7 23. Rxd7 Kxd7 24. Rd1+ Kc7 25. Rc1 Kb6 26. Nd4 Bd5 27. Rd1 Rc8 28. h3 h5 29. Kh2 g4 30. Nxe6 Bxe6 31. hxg4 hxg4 32. Be5 Bb3 0-1

[Event "Cheliabinsk Region Club-ch qf"]
[Site "Cheliabinsk"]
[Date "2011.01.22"]
[Round "2"]
[White "Kashutin, Mikhail"]
[Black "Gerbasiy, Valery"]
[Result "1-0"]
[WhiteElo "1851"]
[BlackElo "1636"]
[PlyCount "25"]
[EventDate "2011.01.21"]
[EventType "swiss"]
[EventRounds "9"]
[EventCountry "RUS"]
[SourceTitle "EXT 2022"]
[Source "ChessBase"]
[SourceDate "2021.10.06"]
[SourceVersion "1"]
[SourceVersionDate "2021.10.06"]
[SourceQuality "1"]

1. d4 Nf6 2. c4 g6 3. e3 d5 4. Nc3 c5 5. dxc5 Qa5 6. Qa4+ Qxa4 7. Nxa4 dxc4 8. Bxc4 b6 9. cxb6 axb6 10. Nxb6 Ba6 11. Nxa8 Bxc4 12. b3 Ba6 13. Nc7+ 1-0

[Event "Cheliabinsk-ch 1L op"]
[Site "Cheliabinsk"]
[Date "2010.10.01"]
[Round "1"]
[White "Kashutin, Mikhail"]
[Black "Osankin, Sergey"]
[Result "1-0"]
[WhiteElo "1872"]
[BlackElo "1663"]
[PlyCount "44"]
[EventDate "2010.01.??"]
[EventType "swiss"]
[EventRounds "9"]
[EventCountry "RUS"]
[SourceTitle "EXT 2012"]
[Source "ChessBase"]
[SourceDate "2011.11.24"]
[SourceVersion "1"]
[SourceVersionDate "2011.11.24"]
[SourceQuality "1"]

1. Nf3 d5 2. d3 Nf6 3. g3 g6 4. Bg2 Bg7 5. 0-0 0-0 6. Bg5 c6 7. Nbd2 Nbd7 8. c3 Re8 9. Qc2 Nf8 10. e4 dxe4 11. Nxe4 Nxe4 12. dxe4 f6 13. Be3 e5 14. Rad1 Qc7 15. Rd2 f5 16. Rfd1 fxe4 17. Ng5 Bg4 18. Qb3+ Be6 19. Nxe6 Nxe6 20. Rd7 Qa5 21. Bh3 Rad8 22. Bxe6+ Kh8 1-0

[Event "Cheliabinsk Victory Cup"]
[Site "Cheliabinsk"]
[Date "2010.05.08"]
[Round "9"]
[White "Kashutin, Mikhail"]
[Black "Trushin, Maxim"]
[Result "0-1"]
[WhiteElo "1841"]
[BlackElo "1954"]
[PlyCount "54"]
[EventDate "2010.04.30"]
[EventType "swiss"]
[EventRounds "9"]
[EventCountry "RUS"]
[SourceTitle "EXT 2011"]
[Source "ChessBase"]
[SourceDate "2010.11.26"]
[SourceVersion "1"]
[SourceVersionDate "2010.11.26"]
[SourceQuality "1"]

1. d4 Nf6 2. c4 c5 3. e3 e6 4. Nf3 d5 5. Nc3 Nc6 6. cxd5 exd5 7. g3 cxd4 8. Nxd4 Bb4 9. Bg2 Ne4 10. 0-0 Nxc3 11. bxc3 Bxc3 12. Ba3 Nxd4 13. exd4 Bxa1 14. Re1+ Be6 15. Qg4 Qd7 16. Qxg7 0-0-0 17. Qe5 Qc7 18. Rc1 Bc3 19. Qe3 Kb8 20. Rxc3 Qd7 21. Qf4+ Ka8 22. Rc7 Qa4 23. Qc1 Rc8 24. Rc5 Qxd4 25. Bxd5 Qxd5 26. Qb2 Rxc5 27. Bxc5 Rc8 0-1

[Event "Cheliabinsk Victory Cup"]
[Site "Cheliabinsk"]
[Date "2010.05.04"]
[Round "5"]
[White "Kashutin, Mikhail"]
[Black "Fesenko, Vitaly"]
[Result "1-0"]
[WhiteElo "1841"]
[BlackElo "2206"]
[PlyCount "47"]
[EventDate "2010.04.30"]
[EventType "swiss"]
[EventRounds "9"]
[EventCountry "RUS"]
[SourceTitle "EXT 2011"]
[Source "ChessBase"]
[SourceDate "2010.11.26"]
[SourceVersion "1"]
[SourceVersionDate "2010.11.26"]
[SourceQuality "1"]

1. d4 Nf6 2. c4 g6 3. Nc3 Bg7 4. e4 d6 5. f3 Nc6 6. Be3 a6 7. Qd2 0-0 8. g4 e5 9. d5 Nd4 10. Be2 Rb8 11. a4 Nb3 12. Qd1 Nxa1 13. Qxa1 c6 14. h4 h5 15. Bg5 hxg4 16. h5 gxh5 17. Rxh5 Qb6 18. Rh1 cxd5 19. a5 Qc7 20. Qc1 Nh7 21. Nxd5 Qd7 22. Ne7+ Kh8 23. Bf6 Qe6 24. Qh6 1-0

[Event "Cheliabinsk Sveshnikov 60 op"]
[Site "Cheliabinsk"]
[Date "2010.02.27"]
[Round "4"]
[White "Vlasov, Vladislav"]
[Black "Kashutin, Mikhail"]
[Result "1/2-1/2"]
[WhiteElo "2238"]
[BlackElo "1872"]
[PlyCount "65"]
[EventDate "2010.02.24"]
[EventType "swiss"]
[EventRounds "9"]
[EventCountry "RUS"]
[SourceTitle "EXT 2012"]
[Source "ChessBase"]
[SourceDate "2011.11.24"]
[SourceVersion "1"]
[SourceVersionDate "2011.11.24"]
[SourceQuality "1"]

1. e4 c5 2. Nf3 d6 3. d4 cxd4 4. Nxd4 Nf6 5. Nc3 g6 6. Be3 Bg7 7. f3 0-0 8. Qd2 Nc6 9. Bc4 a6 10. Bb3 Nxd4 11. Bxd4 Be6 12. 0-0-0 Bxb3 13. cxb3 b5 14. Kb1 Qa5 15. Nd5 Qd8 16. Nxf6+ exf6 17. Be3 Re8 18. Qxd6 Qxd6 19. Rxd6 f5 20. Rhd1 fxe4 21. fxe4 Be5 22. Rd7 Bxh2 23. Rf1 f5 24. Bd4 Rxe4 25. Rg7+ Kf8 26. Rxh7 Rd8 27. Bb6 Rd2 28. Rxh2 Ree2 29. Bc5+ Kg8 30. Ba3 a5 31. Bc5 Rxb2+ 32. Ka1 Rxa2+ 33. Kb1 1/2-1/2

[Event "Cheliabinsk Region CC-ch sf"]
[Site "Cheliabinsk"]
[Date "2010.??.??"]
[Round "9"]
[White "Gerasimov, Nikolai"]
[Black "Kashutin, Mikhail"]
[Result "0-1"]
[WhiteElo "1605"]
[BlackElo "1895"]
[PlyCount "42"]
[EventDate "2010.??.??"]
[EventType "swiss"]
[EventRounds "9"]
[EventCountry "RUS"]
[SourceTitle "EXT 2012"]
[Source "ChessBase"]
[SourceDate "2011.11.24"]
[SourceVersion "1"]
[SourceVersionDate "2011.11.24"]
[SourceQuality "1"]

1. d4 d5 2. c4 c6 3. Nc3 e6 4. Nf3 Nf6 5. Bg5 Be7 6. e3 0-0 7. Be2 Nbd7 8. 0-0 b6 9. cxd5 exd5 10. Rc1 Bb7 11. Bd3 Re8 12. Ne5 Nxe5 13. dxe5 Nd7 14. Bxe7 Qxe7 15. f4 c5 16. e4 d4 17. Nd5 Qd8 18. f5 Nxe5 19. f6 Bxd5 20. exd5 Nxd3 21. Qxd3 Qxd5 0-1